| 000 | 01834nam a2200325 i 4500 | ||
|---|---|---|---|
| 001 | 768714001 | ||
| 003 | CO-MdFUSB | ||
| 005 | 20210413155441.0 | ||
| 007 | ta | ||
| 008 | 200608t2008 sp |||| |||| 00| 0 spa d | ||
| 020 | _a9789586395649 | ||
| 040 |
_aCO-MdFUSB _bspa _cCO-MdFUSB _dCO-MdFUSBC _erda |
||
| 041 | _aspa | ||
| 082 |
_223 _a863.5 _bR436 |
||
| 100 |
_aRestrepo, Javier Darío _eautor |
||
| 245 |
_aEstoy vivo y libre _c/ Javier Darío Restrepo |
||
| 264 | 1 |
_aMadrid, España : _bRandom House Mondadori, _c[2008] |
|
| 264 | 4 | _c©2008 | |
| 300 |
_c289 páginas ; _a23 cm |
||
| 336 |
_2rdacontent _atexto _btxt |
||
| 337 |
_2rdamedia _asin mediación _bn |
||
| 338 |
_2rdacarrier _avolumen _bnc |
||
| 490 | _aLiteratura Mondadori. | ||
| 505 | _aChano -- Margarita -- Regreso a casa -- Isabel -- El secreto -- Andrés -- Oscar Andrés -- La entrevista -- Regreso al trabajo -- Isaias -- La casa -- Samuel -- El editor -- El deber de la fuga -- Navidad negra -- Las cadenas -- Rodrigo -- El refugio de la memoria -- La cárcel del tiempo -- Los carceleros -- Las niñas -- La madre de "el tigre" | ||
| 520 | 4 | _aLos secuestradores son personas en situación límite; allí se revela lo mejor y lo peor del hombre. Desde los cambuches mimetizados en la selva todo se ve distinto: la vida, la muerte, los otros, el tiempo, los recuerdos, Dios, el pasado, el futuro, el perdón y la culpa. Y los que regresan encuentran otro mundo, descubren sus cicatrices y las heridas mal cerradas, además: los cambios que el secuestro les deja como marcas impresas en su piel. Entender todo esto es acercarse al secuestrado e iniciar el recorrido que lleva a la solidaridad. Este libro ha sido dictado como un imperativo de solidaridad. | |
| 563 | _aRústico | ||
| 650 | 7 |
_2embne _92494 _aSecuestro |
|
| 942 | _cBK | ||
| 945 | _aDani | ||
| 999 |
_c66052 _d66052 |
||